LEADER 01416nam a2200337 u 4500 001 000000025069 003 CaOOAMICUS 005 20070226111425.0 008 950726s1974 fr u000 u fre u 020 $a2719308811 035 $a10639291 040 $aIAR$bita$dPUL(R) 100 1 $aSala-Molins, Louis.$0(OLS)http://pul/name/10109 245 13$aLa philosophie de l'amour chez Raymond Lulle /$cLouis Sala-Molins ; préface de Vladimir Jankélévitch. 260 $aParis :$bMouton,$c1974. 300 $a302 p. ;$c23 cm 504 $aBibliografia : p. [295]-300. 600 14$aLlull, Ramón,$d1235-1315.$0(OLS)http://pul/subject/10952 650 4$aFilosofia medievale$ySec. XII.$0(OLS)http://pul/subject/14914 700 1 $aJankélévitch, Vladimir,$d1903-1985.$0(OLS)http://pul/name/20846 850 $aPUL 852 $aPUL$W1$xSL Filosofia 1$y2$m97 D 4$j35061$nBK-PRI$b $qStampati$B35061$CPULBib$Z2$F35061 $H $81 941 1 $a8 960 $aLull, Ramón,$d1235-1315$910952 960 $aRaymundus Lullus,$d1235-1315$910952 960 $aRaimondo Lullo,$d1235-1315$910952 960 $aLullo Raimondo,$d1235-1315$910952 961 $aINV: 41857 996 $6020$a2719308811$9(OLS)http://pul/number/31269 996 $6245$aLa philosophie de l'amour chez Raymond Lulle$9(OLS)http://pul/title/34577 996 $6260$aParis :$bMouton$9(OLS)http://pul/publisher/52094 LEADER 01588nam a2200337 a 4500 001 000000134766 003 CaOOAMICUS 005 20130702140814.0 008 130702s2012 it u000 u ita r 020 $a978-88-205-1042-8 040 $aPUL$bita 041 0 $aita$aeng$afre 245 00$aErmeneutica e filosofia antica /$ca cura di Franco Trabattoni e Mariapaola Bergomi. 260 $aMilano :$bCisalpino,$c©2012$aNoceto (Parma) :$bMonduzzi 300 $a209 p. ;$c24 cm. 490 1 $aQuaderni di Acme ;$v133 500 $aIn testa al front.: Università degli Studi di Milano. Facoltà di Lettere e Filosofia. 500 $aInclude indicazioni bibliografiche e indici. 546 $aTesti in italiano, inglese e francese, abstract in inglese alla fine di ogni intervento. 700 1 $aBergomi, Mariapaola.$0(OLS)http://pul/name/86832 700 1 $aTrabattoni, Franco.$0(OLS)http://pul/name/69856 710 2 $aUniversità degli studi di Milano.$bFacoltà di lettere e filosofia.$0(OLS)http://pul/name/64245 830 0$aQuaderni di Acme ;$v133.$0(OLS)http://pul/title/6215 850 $aPUL 852 $aPUL$W1$xDP1 Riviste Correnti$y15$m1095 C 133$j155002$qPeriodici$B154555$CPULBib$Z2$F154555 $H122654 $82 941 1 $a5 996 $6020$a978-88-205-1042-8$9(OLS)http://pul/number/153207 996 $6245$aErmeneutica e filosofia antica$9(OLS)http://pul/title/170422 996 $6260$aMilano :$bCisalpino$9(OLS)http://pul/publisher/58953 996 $6260$aNoceto (Parma) :$bMonduzzi$9(OLS)http://pul/publisher/82416